| 000 | 01184cam a2200337 a 4500 | ||
|---|---|---|---|
| 999 |
_c9198 _d9198 |
||
| 001 | 16898293 | ||
| 003 | GZU | ||
| 005 | 20210607153929.0 | ||
| 008 | 110719s2012 paua b 001 0 eng c | ||
| 010 | _a 2011030588 | ||
| 020 | _a9780812243826 (hardcover : alk. paper) | ||
| 040 |
_aPU/DLC _cDLC _dDLC |
||
| 042 | _apcc | ||
| 050 | 0 | 0 |
_aHT867 _b.F676 2012 |
| 082 | 0 | 0 |
_a306.3/62 _223 |
| 245 | 0 | 0 |
_aFrom human trafficking to human rights : _breframing contemporary slavery / _cedited by Alison Brysk and Austin Choi-Fitzpatrick. |
| 260 |
_aPhiladelphia : _bUniversity of Pennsylvania Press, _cc2012. |
||
| 300 |
_avi, 268 p. : _bill. ; _c24 cm. |
||
| 490 | 1 | _aPennsylvania studies in human rights | |
| 504 | _aIncludes bibliographical references (p. [225]-258) and index. | ||
| 650 | 0 | _aSlavery. | |
| 650 | 0 | _aHuman trafficking. | |
| 650 | 0 | _aForced labor. | |
| 650 | 0 | _aHuman rights. | |
| 700 | 1 |
_aBrysk, Alison, _d1960- |
|
| 700 | 1 | _aChoi-Fitzpatrick, Austin. | |
| 830 | 0 | _aPennsylvania studies in human rights. | |
| 906 |
_a7 _bcbc _corignew _d1 _eecip _f20 _gy-gencatlg |
||
| 942 |
_2lcc _cBK _h867 _iFRO _kHT _m2012 |
||